Designing and Managing Human Resource Systems (Record no. 814)

MARC details
000 -LEADER
fixed length control field 00454nam a22001697a 4500
005 - DATE AND TIME OF LATEST TRANSACTION
control field 20180810120832.0
008 - FIXED-LENGTH DATA ELEMENTS--GENERAL INFORMATION
fixed length control field 160514b xxu||||| |||| 00| 0 eng d
020 ## - INTERNATIONAL STANDARD BOOK NUMBER
ISBN 81-204-1610-4
041 ## - LANGUAGE CODE
Language code of text/sound track or separate title eng
082 ## - DEWEY DECIMAL CLASSIFICATION NUMBER
Item number 2182
Classification number 658.3
100 ## - MAIN ENTRY--AUTHOR NAME
Personal name PAREEK, UDAI and RAO, T.V.
245 ## - TITLE STATEMENT
Title Designing and Managing Human Resource Systems
260 ## - PUBLICATION, DISTRIBUTION, ETC. (IMPRINT)
Place of publication New Delhi
Name of publisher Oxford University Press
Year of publication 2007
300 ## - PHYSICAL DESCRIPTION
Number of Pages 617p,
650 ## - SUBJECT ADDED ENTRY--TOPICAL TERM
Topical Term Management
942 ## - ADDED ENTRY ELEMENTS (KOHA)
Koha item type Books
Holdings
Lost status Damaged status Collection code Home library Current library Shelving location Date acquired Cost, normal purchase price Full call number Accession Number Koha item type
    MANAGEMENT JRU Library JRU Library SHELF-63-E 14/05/2016 395.00 658.3 2182 Books
    MANAGEMENT JRU Library JRU Library SHELF-63-E 14/05/2016 395.00 658.3 2183 Books